000 00470nam a2200217 454500
001 033776
003 BD-ChCU
008 Eng
020 _ax
040 _aDLC
_cDLC
_dBD-ChCU
082 0 0 _a181.4/S188
100 1 _ax
_bx
245 1 0 _aThe samkhya philospohy
_bx
250 _a2
260 _aNew Delhi
_bOriental Books Reprint
_c1979
300 _av
504 _ax
650 0 _aPhilosophy, Hindu
_bPhilosophy, India
700 1 _ax
942 _2ddc
_cBK
999 _c33776
_d33776